Standard code for arc and gas welding in building construction : (superseding the "Code for fusion welding and gas cutting in building construction, Part A-Structural steel," /

Bibliographic Details
Corporate Author: American Welding Society. Committee on Building Codes
Format: Book
Language:English
Published: New York, N.Y. : American Welding Society, [1946]
Subjects:

MARC

Tag First Indicator Second Indicator Subfields
LEADER 00000cam a2200000 4500
001 in00000022842
005 20151007064149.0
008 760505s1946 nyua 00010 eng
010 |a  46008160  
035 |a (OCoLC)02158168 
035 |9 AAD9204AM 
040 |a DLC  |c CSU  |d OCL  |d TXA  |d UtOrBLW 
049 |a TXAM  |c [307878] 
050 0 0 |a TS227  |b .A44915 
082 0 |a 672 
092 |a 672  |b A5122s 
110 2 |a American Welding Society.  |b Committee on Building Codes. 
245 1 0 |a Standard code for arc and gas welding in building construction :  |b (superseding the "Code for fusion welding and gas cutting in building construction, Part A-Structural steel," /  |c edition of 1937 and the "Code for arc and gas welding in building construction, tentative-1941") prepared by Committee on building codes, approved by Board of directors, April 5, 1946 ... 
264 1 |a New York, N.Y. :  |b American Welding Society,  |c [1946] 
264 4 |c ©1946 
300 |a 2 pages ., 68 pages :  |b illustrations,diagrams ;  |c 23 cm. 
336 |a text  |b txt  |2 rdacontent 
337 |a unmediated  |b n  |2 rdamedia 
338 |a volume  |b nc  |2 rdacarrier 
500 |a At head of title: D1.0-46. 
650 0 |a Welding. 
999 |a MARS 
999 f f |s 634b2265-7d60-3189-ba66-b49a2323e271  |i 853c85fb-b503-3bfb-99db-0587be34a456  |t 0 
952 f f |p ric  |a Texas A&M University  |b Rellis Campus  |c Joint Library Facility  |d Remote Storage  |t 0  |e TS227 .A44915  |h Library of Congress classification  |i unmediated -- volume  |m A14801129228 
998 f f |a TS227 .A44915  |t 0  |l Remote Storage